El Patrimoni biològic del Montseny : catàlegs de flora i fauna catàlegs de flora i fauna
Descripción Física:
2 v. ; 24 cm
MARC
| LEADER | 00000nam a2200000Ia 4500 | ||
|---|---|---|---|
| 001 | 9841, 10948 | ||
| 008 | 160829s1986 - 1995 xx 000 0 cat d | ||
| 080 | |a C-1-268, C-1-269 | ||
| 245 | |a El Patrimoni biològic del Montseny : |b catàlegs de flora i fauna | ||
| 260 | |a Barcelona : |b Diputació de Barcelona, Servei de Parcs Naturals, |c 1986 - 1995 | ||
| 300 | |a 2 v. ; |c 24 cm | ||
| 650 | |a Flora |x Montseny |x Catàlegs |9 37411 | ||
| 650 | |a Fauna |x Montseny |x Catàlegs |9 37412 | ||
| 710 | |a Barcelona (Catalunya : Província). |b Servei de Parcs Naturals |9 53492 | ||
| 901 | |a Arxiu | ||
| 942 | |n 1 | ||
| 952 | |0 0 |1 0 |4 0 |6 C1268_C1269 |7 1 |9 47853 |a Arxiu |b Arxiu |d 2016-12-01 |l 0 |o C-1-268, C-1-269 |p 9841, 10948 |r 2016-12-01 00:00:00 |w 2016-12-01 |y ARXIU | ||
| 999 | |c 51652 |d 51652 | ||